Регионална библиотека "Любен Каравелов" - Русе

Лекции по обща психология (Запис номер 43806)

MARC детайли
000 -Лидер
Контролно поле с фиксирана дължина 01564nam a2200349 c 4500
003 - Код на организацията, давaща контролен номер
Контролно поле BLK
005 - Дата и час на последна редакция
Контролно поле 20250401100323.0
008 - Елементи от данни с фиксирана дължина
fixed length control field 180408b bul|||||r ||||||| ||bul||
010 ## - Наследен системен номер
LC control number KNG00047552000
020 ## - Международен стандартен номер на книга ISBN
Международен стандартен номер на книга ISBN 954-535-238-8
-- издат.: Нов български университет
040 ## - Източник на каталожния запис
Идентификатор на билиотеката - собственик на записа BLK
041 ## - Код за език
Код за езика на текст/звукозапис или на отделно заглавие Български
Код за езика КДБФ Български
080 ## - УДК
Текстов определител УДК Психология
УДК код - определител по УДК 159.9
УДК определител (042.3)
УДК - код + определител 159.9(042.3)
100 ## - Редна дума - Автор
Автор Михалчев, Димитър Георгиев
Дати, свързани с автора 1880 - 1967
Автор - информация (биография) Философ, социолог, общественик.
R(LIN) 251432
139 ## - Редно поле
Редна дума Михалчев, Димитър Георгиев
Авторски знак Михал - М 75
245 10 - Сведения за заглавието
Заглавие Лекции по обща психология
Подзаглавни данни Четени през зимното полугодие на 1910/1911 г. и изд. по бел. на самия преподавател
Редно поле (дума) Димитър Георгиев Михалчев.
257 ## - Страна на издаване
Страна на създаване/издаване България
260 ## - Област на издателските данни
-- София
Име на издателя, разпространителя и проч. Нов български университет
Година на издаване 2001
Печатница София : Вулкан 4
300 ## - Физическа характеристика
Страници 272 с.
Размери/Мащаб 21 см
380 ## - Жанр
Жанр Философия
490 1# - СЕРИИ (Колекции)
Име на серия Българско психологическо наследство
500 ## - Общи забележки
Забележка Офс. изд. - Библиогр. с. 263 ; Именен, предм. показалец.
650 #4 - Допълнително описание по предмет – тема
Основно описание – тема или топоним Психология
9 (RLIN) 168332
653 ## - Ключова дума – ненормативна
Ключова дума лекции
653 ## - Ключова дума – ненормативна
Ключова дума психология
852 ## - Местоположение
Форматна сигнатура Цб 210172
856 4# - Електронен адрес и достъп
Електронен формат pdf - файл
Път до файла /url/
856 4# - Електронен адрес и достъп
Електронен формат pdf - файл
Път до файла /url/
942 ## - АРТИКУЛИ
Вид на библиотечния материал Книги
Скрит в OPAC Не
Koha issues (borrowed), all copies 7
944 ## - СЪЗДАВАНЕ И РЕДАКЦИЯ на ЗАПИСА
Създаване/Редакция Създаване
Дата на регистрацията/редакция 01.01.2001
Служител, извършил регистрацията/редакцията 30576
Статус, дата на статуса Цветомила Тодорова
944 ## - СЪЗДАВАНЕ И РЕДАКЦИЯ на ЗАПИСА
Създаване/Редакция Редакция
Дата на регистрацията/редакция 04.01.2007
Служител, извършил регистрацията/редакцията
999 ## - СИСТЕМНИ КОНТРОЛНИ НОМЕРА
Koha biblionumber 43806
Koha biblioitemnumber 43806
Наличности
Код за отписване Код за изгубен артикул Източник на класификационната схема Код за повреда Коз за рестрикции Код за отдаване Артикулен № Име на библиотеката - собственик Име на библиотеката, в която се намира в момента Статус (Текущо местоположение) Дата на вписване в системата Местоположение - отдел Цена в лева Инвентарен номер Систематично азбучна сигнатура Баркод Номер на екземпляра Цена в евро Служебна бележка Служебен тип на артикула
  Не е изгубен Universal Decimal Classification Не е повреден без рестрикции ползва се в читалня 68701 Регионална библиотека "Любен Каравелов" Русе Регионална библиотека "Любен Каравелов" Русе Хранилище 2001-01-01 Хранилище 0.00 667888 Цб 210172 120000667888 1 0.00 Дост: Dp Вид: Д N: 38 Дата: 01.01.2001 Книги
  Не е изгубен   Не е повреден без рестрикции заемане за дома 68702 Регионална библиотека "Любен Каравелов" Русе Регионална библиотека "Любен Каравелов" Русе Заемна - подръчен фонд 2006-12-29 Заемна - подръчен фонд 9.00 120000708115 П 159.9/М 75 120000708115 2 4.60 Дост: Pk Вид: Ф N: 47416 Дата: 19.12.2006 Дата инв: 01.02.2018 Бележки инв: П2018 Книги
  Не е изгубен   Не е повреден без рестрикции заемане за дома 68703 Регионална библиотека "Любен Каравелов" Русе Регионална библиотека "Любен Каравелов" Русе Заемна - подръчен фонд 2006-12-29 Заемна - подръчен фонд 9.00 120000708116 П 159.9/М 75 120000708116 3 4.60 Дост: Pk Вид: Ф N: 47416 Дата: 19.12.2006 Дата инв: 01.02.2018 Бележки инв: П2018 Книги
Vip Innovations Ltd, Rousse, Bulgaria 2025